La educación superior en las repúblicas americanas
Salvato in:
| Autore principale: | |
|---|---|
| Natura: | Libro |
| Lingua: | spagnolo |
| Pubblicazione: |
Madrid
Castilla
1964
|
| Serie: | MacGraw-Hill de Desarrollo Internacional
|
| Soggetti: | |
| Tags: |
Aggiungi Tag
Nessun Tag, puoi essere il primo ad aggiungerne!!
|
MARC
| LEADER | 00000nam a2200000 a 4500 | ||
|---|---|---|---|
| 001 | UCZ9851 | ||
| 003 | CL-VaPUC | ||
| 008 | 960311e19640000SP |||||||||||||||||spa|d | ||
| 082 | 0 | 4 | |a 378.098 |b BEN |2 21 |
| 100 | 0 | |a Benjamín, Harold R. W |e author |9 354775 | |
| 245 | 1 | 3 | |a La educación superior en las repúblicas americanas |
| 300 | |a 249 p | ||
| 942 | |c BK | ||
| 945 | |d 19960311 00:00:00 |a paguirre | ||
| 260 | |a Madrid |b Castilla |c 1964 | ||
| 650 | 0 | |a Educación superior |9 223851 | |
| 650 | 0 | |a Universidades |9 256317 | |
| 650 | 0 | |a Gestión educacional |9 261035 | |
| 650 | 0 | |a Desarrollo económico y social |9 256320 | |
| 651 | 0 | |a América Latina |9 255027 | |
| 583 | |a last modification |c 19960311 00:00:00 |k Rodrigo Vera | ||
| 490 | 0 | |a MacGraw-Hill de Desarrollo Internacional | |
| 999 | |c 244907 |d 244905 | ||
| 952 | |0 0 |1 0 |4 0 |6 378_098000000000000_BEN_1964 |7 0 |8 P |9 259178 |a BIBEDU |b BIBEDU |c BIBEDU_PB |d 2019-11-19 |i 1630210 |o 378.098 BEN 1964 |p 1630210 |r 2024-01-25 |w 2019-11-19 |y BK |k EDU | ||
| 952 | |0 0 |1 0 |4 0 |6 378_098000000000000_BEN_1964 |7 0 |8 P |9 259179 |a BIBEDU |b BIBEDU |c BIBEDU_PB |d 2019-11-19 |i 1630482 |o 378.098 BEN 1964 |p 1630482 |r 2024-01-25 |w 2019-11-19 |y BK |k EDU | ||